| 000 | 00533nam a2200181 a 4500 | ||
|---|---|---|---|
| 005 | 20140412111323.0 | ||
| 008 | 001111s19uu xx 00 eng d | ||
| 020 | _a0-679-82240-2 | ||
| 050 |
_aER _bLi72 1992 |
||
| 100 | _aRoss, Anna | ||
| 245 |
_aLittle Ernie's A B C / _cby Anna Ross ; illustrated by Norman Gorbaty. |
||
| 260 |
_aNew York : _bRandom House, _c1992. |
||
| 300 | _a[19] p. ; ill. | ||
| 440 | _aA Sesame Street Toddler Book | ||
| 650 | _aAlphabet Rhymes | ||
| 650 | _aChildren poetry, American | ||
| 999 |
_c104484 _d104484 |
||